هل للتعليم جدوى ؟ : (Record no. 61789)
[ view plain ]
| 000 -الفاتح | |
|---|---|
| حقل البيانات ثابتة الطول | 01423nam a22002777a 4500 |
| 005 - وقت وتاريخ اخر تعامل مع التسجيلة | |
| رقم الضبط | 20240530110516.0 |
| 008 - عناصر البيانات ثابتة الطول - معلومات عامة | |
| حقل البيانات ثابتة الطول | 160201s2013 ua ad g b 000 0 ara d |
| 017 ## - رقم الايداع القانونى | |
| رقم الايداع القانونى | 2013/19683 |
| المصدر ( الهيئة المختصة) | مصر . دار الكتب المصرية |
| 040 ## - مصدر الفهرسة | |
| وكالة الفهرسة الأصلية | EG-CaGPL |
| 082 04 - رقم تصنيف ديوى العشرى | |
| رقم الطبعة | 21 |
| رقم التصنيف | 379 |
| رقم المادة | ق/ن هـ |
| 245 00 - بيان العنوان | |
| العنوان | هل للتعليم جدوى ؟ : |
| بقية العنوان | دراسة مسيحية لعوائد التعليم العام و الخاص فى مصر / |
| بيان المسئوليه,etc | تحرير نادين مراد سيكا |
| 260 ## - PUBLICATION, DISTRIBUTION, ETC. (IMPRINT) | |
| تاريخ النشر أو التوزيع | 2013 . |
| 300 ## - الوصف المادى | |
| التعداد | 303 ص ؛ |
| أبعاد الوعاء | 24 سم . |
| 504 ## - تبصرة ببليوجرافية | |
| تبصرة ببليوجرافية,الخ | يشتمل على ارجاعات ببليوجرافية |
| 650 04 - المدخل الاضافى بالموضوع-مصطلح موضوعى | |
| مصطلح موضوعي | التعليم الخاص |
| التقسيم الفرعي الجغرافي | مصر |
| 650 04 - المدخل الاضافى بالموضوع-مصطلح موضوعى | |
| مصطلح موضوعي | التعليم الخاص |
| التقسيم الفرعي العام | الجوانب الاقتصادية |
| التقسيم الفرعي الجغرافي | مصر |
| 650 04 - المدخل الاضافى بالموضوع-مصطلح موضوعى | |
| مصطلح موضوعي | التعليم الخاص |
| التقسيم الفرعي العام | القيم الاجتماعية |
| التقسيم الفرعي الجغرافي | مصر |
| 650 04 - المدخل الاضافى بالموضوع-مصطلح موضوعى | |
| مصطلح موضوعي | التعليم الخاص |
| التقسيم الفرعي العام | البحوث التربوية |
| التقسيم الفرعي الجغرافي | مصر |
| 650 04 - المدخل الاضافى بالموضوع-مصطلح موضوعى | |
| مصطلح موضوعي | التعليم العالى |
| التقسيم الفرعي العام | الجوانب الاقتصادية |
| التقسيم الفرعي الجغرافي | مصر |
| 650 04 - المدخل الاضافى بالموضوع-مصطلح موضوعى | |
| مصطلح موضوعي | التعليم العالى |
| التقسيم الفرعي العام | القيم الاجتماعية |
| التقسيم الفرعي الجغرافي | مصر |
| 650 04 - المدخل الاضافى بالموضوع-مصطلح موضوعى | |
| مصطلح موضوعي | التعليم العالى |
| التقسيم الفرعي العام | البحوث التربوية |
| التقسيم الفرعي الجغرافي | مصر |
| 650 04 - المدخل الاضافى بالموضوع-مصطلح موضوعى | |
| مصطلح موضوعي | التعليم الجامعى |
| 700 0# - المدخل الاضافى - اسم شخصى | |
| الإسم الشخصى | نادين مراد سيكا |
| الدور | محرر |
| 942 ## - عناصر المدخل الإضافي( كوها) | |
| مصدر التصنيف او مخطط الترفيف | Dewey Decimal Classification |
| Koha [default] item type | كتاب |
| 260 ## - PUBLICATION, DISTRIBUTION, ETC. (IMPRINT) | |
| -- | القاهرة : |
| -- | شركاء التنمية للبحوث و الاستشارات و التدريب ، |
| حالة التراجع | حالة الفقد | حالة تلف | ليس للاعارة | المكان المؤقت | الموقع الحالى | تاريخ الاكتساب | اجمالي اﻻعارات | رقم الطلب | الباركود | تاريخ اخر مشاهدة | تاريخ تفعيل السعر | نوع وعاء كوها |
|---|---|---|---|---|---|---|---|---|---|---|---|---|
| مكتبة القاهرة الكبرى | مكتبة القاهرة الكبرى | 02/01/2016 | 379 ق/ن هـ | 161193 | 02/01/2016 | 02/01/2016 | كتاب |

